| 000 | 01129naa a22003137a 4500 | ||
|---|---|---|---|
| 001 | BR6009674 | ||
| 003 | BR-BrBNA | ||
| 005 | 20240918173055.0 | ||
| 007 | ta | ||
| 008 | 230509b bl.||||| |||| 00| 0 por d | ||
| 040 |
_aBR-BrBNA _bpor _cBiblioteca Nacional de Agricultura |
||
| 041 | _a(Pt) | ||
| 072 |
_aE10 _b/G514 |
||
| 090 | _aE10 BR6009674 | ||
| 100 | 1 | _aPond, M.T. | |
| 100 | 1 | _aGuimaraes, L.L. | |
| 111 | 1 |
_a4. Congresso Brasileiro de Agronomia _cBelo Horizonte, MG (Brazil) _d11 Oct 1965 |
|
| 245 | 1 | _aAgricultura, desigualdade regional e desenvolvimento industrial nacional [Brasil] | |
| 260 | 3 |
_aBelo Horizonte, MG (Brasil): _c1965. |
|
| 500 | _aAnais do 4. Congresso Brasileiro de Agronomia Belo Horizonte, MG (Brasil): 1965. p. 64-71 (BR6009674-AM)E10 | ||
| 650 | _aMacroeconomia | ||
| 650 | _aDesenvolvimento economico | ||
| 650 | _aIndustria agricola | ||
| 650 | _aMao-de-obra | ||
| 650 | _aRenda per capita | ||
| 773 | 0 |
_tAnais do 4. Congresso Brasileiro de Agronomia _wE10 BR6009674 _gBelo Horizonte, MG (Brasil), 1965. p. 64-71 |
|
| 909 |
_a202404 _bLucia _c55 _dLucia Elande |
||
| 942 |
_cAM _2AGRIS |
||
| 999 |
_c302756 _d302756 |
||